| 000 | 00743nam a2200241Ia 4500 | ||
|---|---|---|---|
| 003 | OSt | ||
| 005 | 20220918105827.0 | ||
| 006 | a|||||r|||| 00| 0 | ||
| 007 | ta | ||
| 008 | 220915b |||||||| |||| 00| 0 ara d | ||
| 024 | _a81,608 | ||
| 037 | _cReference Collections | ||
| 040 |
_aARTS _cARTS _bara |
||
| 041 |
_2ara _aara |
||
| 082 | _aQ71xG96, 28E3.1-.2 | ||
| 100 |
_aHanafi Muhiuddin Muhammad Au. _94233 |
||
| 245 | 0 | _aAl-jawahar-al-mazia | |
| 260 |
_aHyderabad _bDairat-al-maaref India _c1913 |
||
| 490 | _vvol.1 | ||
| 650 |
_aARABIC LANGUAGE; ISLAM; RELIGION _93295 |
||
| 942 |
_hQ71xG96, 28E3.1-.2 _cREF |
||
| 999 |
_c109707 _d109707 |
||